Liberalism and liberal parties in the European Union / Lieven De Winter (ed.) ; Joan Marcet ... [et al.]
ISBN:
84-7794-712-0
Descripción Física:
217 p. ; 23 cm
Colección:
Workshop Barcelona ; 10
MARC
| LEADER | 00000nam a2200000Ia 4500 | ||
|---|---|---|---|
| 001 | 15288 | ||
| 008 | 160829s2000 xx 000 0 cat d | ||
| 020 | |a 84-7794-712-0 | ||
| 080 | |a M-4-300 | ||
| 245 | |a Liberalism and liberal parties in the European Union / Lieven De Winter (ed.) ; Joan Marcet ... [et al.] | ||
| 260 | |a Barcelona : |b ICPS, Institut de Ciències Polítiques i Socials, |c 2000 | ||
| 300 | |a 217 p. ; |c 23 cm | ||
| 490 | |a Workshop Barcelona ; 10 | ||
| 590 | |a Notes. | ||
| 590 | |a Bibliografia | ||
| 650 | |a Liberalisme |x Comunitat Econòmica Europea, Països de la |9 28412 | ||
| 650 | |a Partits polítics |x Comunitat Econòmica Europea, Països de la |9 25394 | ||
| 700 | 1 | |a Winter, Lieven de |e editor |9 25677 | |
| 700 | |a Marcet, Joan |9 28414 |e autor | ||
| 710 | 2 | |a Institut de Ciències Polítiques i Socials (Barcelona, Catalunya) |9 55871 | |
| 901 | |a Arxiu | ||
| 942 | |n 1 |2 udc | ||
| 952 | |0 0 |1 0 |4 0 |6 M4300 |7 1 |9 44806 |a Arxiu |b Arxiu |d 2016-12-01 |l 0 |o M-4-300 |p 15288 |r 2016-12-01 00:00:00 |w 2016-12-01 |y ARXIU | ||
| 999 | |c 47404 |d 47404 | ||